Taxation: (Record no. 159322)

MARC details
000 -LEADER
fixed length control field 00694nam a22002057a 4500
005 - DATE AND TIME OF LATEST TRANSACTION
control field 20181214120254.0
010 ## - LCCN (DPL NO)
LC control number ENG-124529
020 ## - INTERNATIONAL STANDARD BOOK NUMBER
International Standard Book Number 9789351430926
Terms of availability 540.00
035 ## - SYSTEM CONTROL NUMBER
System control number EN-108061
037 ## - SOURCE OF ACQUISITION
Source of stock number/acquisition DBAD/PUB.
082 ## - DEWEY DECIMAL CLASSIFICATION NUMBER
Classification number 343.052
100 ## - MAIN ENTRY--PERSONAL NAME
Personal name Dubey, Arvind
245 ## - TITLE STATEMENT
Title Taxation:
Statement of responsibility, etc by Arvind Dubey
Remainder of title (direct tax) assessment year 2014-15 for CA-intermediate (IPC) may/november, 2014 examinations /
250 ## - EDITION STATEMENT
Edition statement 11th ed.
260 ## - PUBLICATION, DISTRIBUTION, ETC. (IMPRINT)
Place of publication, distribution, etc Gurgaon
Name of publisher, distributor, etc Lexis Nexis
Date of publication, distribution, etc 2014
270 ## - ADDRESS
City Gurgaon
Postal code 122002
Address 14th Floor, Building No. 10, Tower-B, DLF Cyber City, Phase-II,
300 ## - PHYSICAL DESCRIPTION
Extent 630p
Dimensions 28cm.(Hb)
500 ## - GENERAL NOTE
General note It includes appendix 1
942 ## - ADDED ENTRY ELEMENTS (KOHA)
Source of classification or shelving scheme Dewey Decimal Classification
Item type English Books
Classification part 343.052
Call number suffix DUB
Holdings
Withdrawn status Lost status Not for loan Collection code Home library Current library Date acquired Source of acquisition Cost, normal purchase price Full call number Barcode Copy number Cost, replacement price Koha item type
    Not For Loan Non-fiction D.B.Act.Division D.B.Act.Division 14/12/2018 DBAD/PUB 540.00 343.052 DUB EN-108061 1 540.00 English Books

© Delhi Public Library
Hit Counter
free hit counter